000 00408nam a22001577a 4500
003 CEME
005 20210628204123.0
008 210309b xxu||||| |||| 00| 0 eng d
020 _a81-85814-56-2
040 _c.
082 _a651.8 NAI'S
100 _aNaik, Rajesh , Kishore, S
_968831
245 _aSystem analysis and business applications
260 _aNEWDELHI
_bA. H. WHEELS
_c1994
942 _cBK
_2ddc
999 _c576289
_d576289